Introduction To Embedded Systems (Record no. 369117)

MARC details
000 -LEADER
fixed length control field 00440 a2200157 4500
005 - DATE AND TIME OF LATEST TRANSACTION
control field 20251127142642.0
008 - FIXED-LENGTH DATA ELEMENTS--GENERAL INFORMATION
fixed length control field 251127b |||||||| |||| 00| 0 eng d
020 ## - INTERNATIONAL STANDARD BOOK NUMBER
International Standard Book Number 9781493944286
041 ## - LANGUAGE CODE
Language code of text/sound track or separate title English
100 ## - MAIN ENTRY--PERSONAL NAME
Author Jiménez M.
245 ## - TITLE STATEMENT
Title Introduction To Embedded Systems
Remainder of title : Using Microcontrollers And The MSP430
260 ## - PUBLICATION, DISTRIBUTION, ETC.
Name of publisher, distributor, etc. Springer
Date of publication, distribution, etc. 2014
300 ## - PHYSICAL DESCRIPTION
Extent 648
700 ## - ADDED ENTRY--PERSONAL NAME
Personal name Paloera R.
-- Couvertier I.
942 ## - ADDED ENTRY ELEMENTS (KOHA)
Koha item type Books
Holdings
Withdrawn status Lost status Source of classification or shelving scheme Reference No Damaged status Not for loan Home library Current library Date acquired Vendor Net Price Total Checkouts Full call number Barcode Date last seen Actual Price Bill Date Koha item type
    Dewey Decimal Classification 1799 E (69833)   Reference Cummins College of Engineering for Women Pune Cummins College of Engineering for Women Pune 20/11/2025 87 5809.27   004.165 JIM CCEP-BK-69833 20/11/2025 8298.96 20/11/2025 Books